000 00553nam a2200193 a 4500
005 20240924065735.0
008 991125s1970 mx 000 0 spa u
035 _aUPN01000000787
049 _aF
050 4 _aHF5549.5 T7
_bB4.2
100 1 _aBarreto Arrington, Luis
245 1 3 _aEl adiestramiento abierto y los paquetes multimedia /
_cLuis Barreto Arrington.
260 _a[México :
_bs.n.,
_cs.a.].
300 _a[6] h.
500 _aFotocopia
650 4 _aEmpleados
_xCapacitación
_9979
650 2 _aSistemas multimedia
_918211
905 _aLibro
999 _c787
_d787